000
00324nam a22001457a 4500
008
210608b ||||| |||| 00| 0 eng d
020
_a
9781259847189
041
_a
eng
080
_2
10th
_a
33
082
_a
33
100
_a
58
101
_a
BIZ
245
_a
Global Business Today
_c
Charles W. L. Hill
942
_2
udc
_c
BK
999
_c
58057
_d
58057